| 000 | 00580nam a2200169Ia 4500 | ||
|---|---|---|---|
| 003 | GCL | ||
| 008 | 140319s9999 xx 000 0 ara d | ||
| 040 |
_aGCL / _cGCL |
||
| 082 | 0 | 4 |
_a920.71 _bا ن |
| 100 | 1 | _aالانصارى، احمد بن الحسن | |
| 245 | 1 | 0 |
_aنفحات النسرين والريحان فيمن كان بطرابلس من الاعيان / _cالانصارى، احمد بن الحسن |
| 300 | _a207 ص | ||
| 490 |
_aمن الدراسات المغربية والنذهية _v0 |
||
| 650 | 0 | 4 | _aليبيا |
| 650 | 0 | 4 | _aالتراجم |
| 942 |
_2ddc _cBK |
||
| 999 |
_c41298 _d41298 |
||